Champions League 2024/25 Endtabelle Ligaphase - Statistiken

Allgemein
  • Dieses Quiz wurde 432 mal gespielt
  • Das Durchschnittsergebnis liegt bei 31 aus 36
Antwortstatistiken
# Punkte Nation Verein % Korrekt
12 15 Deutschland Bayern München
99%
10 15 Deutschland Borussia Dortmund
99%
2 19 Spanien FC Barcelona
99%
11 15 Spanien Real Madrid
99%
6 16 Deutschland Bayer Leverkusen
98%
1 21 England FC Liverpool
98%
4 19 Italien Inter Mailand
98%
15 13 Frankreich Paris SG
98%
13 15 Italien AC Mailand
96%
22 11 England Manchester City
96%
3 19 England Arsenal London
95%
5 18 Spanien Atletico Madrid
94%
32 3 Deutschland RB Leipzig
94%
20 12 Italien Juventus Turin
93%
14 14 Niederlande PSV Eindhoven
92%
8 16 England Aston Villa
91%
26 10 Deutschland VFB Stuttgart
91%
16 13 Portugal Benfica Lissabon
90%
21 12 Schottland Celtic Glasgow
90%
23 11 Portugal Sporting Lissabon
90%
36 0 Schweiz Young Boys Bern
90%
34 3 Österreich RB Salzburg
88%
25 11 Kroatien Dinamo Zagreb
86%
31 4 Tschechien Sparta Prag
85%
7 16 Frankreich OSC Lille
83%
9 15 Italien Atalanta Bergamo
81%
17 13 Frankreich AS Monaco
80%
24 11 Belgien Club Brügge
80%
29 6 Serbien Roter Stern Belgrad
80%
19 13 Niederlande Feyenoord Rotterdam
79%
35 0 Slowakei Slovan Bratislava
72%
18 13 Frankreich Stade Brest
70%
33 3 Spanien FC Girona
67%
30 6 Österreich Sturm Graz
67%
27 7 Ukraine Schachtar Donezk
62%
28 6 Italien FC Bologna
61%
Keine übereinstimmenden Quizze gefunden
Verteilung der Resultate
Anzahl Personen mit jedem Resultat
Perzentil nach korrekt beantworteten Fragen
Ihre Resultats-Entwicklung
Sie haben dieses Quiz noch nicht gespielt